Euroopan kaupungit kirjaimittain - P - Statistics

Yleistilastot
  • Tätä visaa on pelattu 36 kertaa
  • Keskiarvotulos 12 / 26
Vastaukset kartalla
Vastauksille on annettu kartalla punavihreä väri sen mukaan, kuinka moni on saanut sen oikein.
 
Vastaustilastot
% Oikein
Suomi Pori 83 305 61.483333 21.8
100%
Venäjä Pietari 5 652 922 59.9375 30.308611
92%
Viro Pärnu 41 529 58.383333 24.5
Paldiski 59.35 24.05 4 paldiski
Palermo 38.115556 13.361389 4 palermo
Palma 39.569444 2.65 4 palma
Pamplona 42.818333 -1.644167 4 pamplona
Pariisi 48.8567 2.3522 4 pariisi
Parma 44.8 10.333333 4 parma
Patras 38.25 21.733333 4 patras
Pécs 46.070833 18.233056 4 pecs
Petroskoi 61.783333 34.333333 4 petroskoi
Pietari 59.9375 30.308611 4 pietari
Piitime 65.316667 21.5 4 piitime
Pisa 43.716667 10.4 4 pisa
Plovdiv 42.15 24.75 4 plovdiv
Plymouth 50.371 -4.142 4 plymouth
Podolsk 55.431611 37.544722 4 podolsk
Podgorica 42.439167 19.266111 4 podgorica
Pori 61.483333 21.8 4 pori
Porsanger 70.041667 24.975 4 porsanger
Porto 41.162142 -8.621953 4 porto
Porvoo 60.393056 25.663889 4 porvoo
Potsdam 52.4 13.066667 4 potsdam
Poznan 52.406389 16.925278 4 poznan
Praha 50.083333 14.416667 4 praha
Pristina 42.666667 21.166667 4 pristina
Pultava 49.5896 34.5513 4 pultava
Pärnu 58.383333 24.5 4 parnu
88%
Ranska Pariisi 2 103 778 48.8567 2.3522
85%
Tšekki Praha 1 397 880 50.083333 14.416667
85%
Italia Palermo 625 956 38.115556 13.361389
81%
Portugali Porto 231 800 41.162142 -8.621953
81%
Suomi Porvoo 51 737 60.393056 25.663889
81%
Kosovo Pristina 143 469 42.666667 21.166667
62%
Montenegro Podgorica 179 505 42.439167 19.266111
54%
Espanja Palma 443 196 39.569444 2.65
46%
Italia Pisa 89 450 43.716667 10.4
46%
Saksa Potsdam 184 754 52.4 13.066667
38%
Espanja Pamplona 209 676 42.818333 -1.644167
35%
Iso-Britannia Plymouth 266 983 50.371 -4.142
35%
Italia Parma 198 986 44.8 10.333333
31%
Venäjä Petroskoi 234 577 61.783333 34.333333
31%
Bulgaria Plovdiv 329 489 42.15 24.75
27%
Puola Poznań 538 439 52.406389 16.925278
27%
Ruotsi Piitime 42 447 65.316667 21.5
23%
Unkari Pécs 139 412 46.070833 18.233056
15%
Norja Porsanger 3 863 70.041667 24.975
15%
Ukraina Pultava 279 593 49.5896 34.5513
15%
Kreikka Patras 196 937 38.25 21.733333
12%
Viro Paldiski 4 081 59.35 24.05
8%
Venäjä Podolsk 313 414 55.431611 37.544722
0%
Ehtoja vastaavia visoja ei löytynyt
Tulosjakauma
Jokaisen tuloksen saaneiden osuus
Persentiili vastausten määrän mukaan
Tuloshistoriasi
Et ole pelannut tätä visaa